000 01404nam a2200325Ia 4500
001 ebr10434964
003 CaPaEBR
006 m u
007 cr cn|||||||||
008 080923s2009 mduab sb 001 0 eng d
020 _z0761841539
020 _z9780761841531
040 _aCaPaEBR
_cCaPaEBR
035 _a(OCoLC)371672686
050 1 4 _aDS432.O53
_bP362 2009eb
082 0 4 _a954.88
_222
100 1 _aPandya, Vishvajit.
245 1 0 _aIn the forest
_h[electronic resource] :
_bvisual and material worlds of Andamanese history (1858-2006) /
_cVishvajit Pandya.
260 _aLanham, Md. :
_bUniversity Press of America,
_cc2009.
300 _aix, 427 p. :
_bill., maps.
504 _aIncludes bibliographical references (p. 399-420) and index.
533 _aElectronic reproduction.
_bPalo Alto, Calif. :
_cebrary,
_d2011.
_nAvailable via World Wide Web.
_nAccess may be limited to ebrary affiliated libraries.
650 0 _aAndamanese (Indic people)
_xSocial life and customs.
650 0 _aJarawa (Indic people)
_xSocial life and customs.
650 0 _aOnge (Indic people)
_xSocial life and customs.
651 0 _aAndaman and Nicobar Islands (India)
_xSocial life and customs.
655 7 _aElectronic books.
_2local
710 2 _aebrary, Inc.
856 4 0 _uhttp://site.ebrary.com/lib/rucke/Doc?id=10434964
_zAn electronic book accessible through the World Wide Web; click to view
999 _c148012
_d148012